[Event "Chigorin Memorial 23rd"]
[Site "St Petersburg"]
[Date "2015.10.05"]
[Round "3"]
[White "Sapegin, Yaroslav"]
[Black "Popov, Alexei"]
[Result "1-0"]
[WhiteElo "1769"]
[BlackElo "1942"]
[PlyCount "141"]
[EventDate "2015.10.03"]
[EventType "swiss"]
[EventRounds "9"]
[EventCountry "RUS"]
[SourceTitle "CBM 168 Extra"]
[Source "ChessBase"]
[SourceDate "2015.10.29"]
[SourceVersion "1"]
[SourceVersionDate "2015.10.29"]
[SourceQuality "1"]

1. d4 Nf6 2. Bg5 c5 3. Nc3 d5 4. Bxf6 exf6 5. Nf3 Nc6 6. e3 Be6 7. Qd2 Qa5 8. 0-0-0 Rc8 9. Kb1 cxd4 10. Nxd4 Nxd4 11. Qxd4 Bc5 12. Bb5+ Kf8 13. Qa4 Qxa4 14. Bxa4 Rd8 15. Rd2 Bb4 16. Rhd1 Bxc3 17. bxc3 Ke7 18. Bb3 Rd6 19. c4 a5 20. cxd5 Bf5 21. Kc1 Rc8 22. f3 b5 23. a4 Rb6 24. e4 bxa4 25. Bxa4 Bd7 26. Bxd7 Kxd7 27. Rd4 Rb5 28. Kd2 Rb2 29. Rc1 Ra2 30. Kd3 Ra3+ 31. Kd2 a4 32. c4 Rb8 33. c5 Ra2+ 34. Rc2 Ra1 35. f4 a3 36. Ra4 Rb2 37. c6+ Kd6 38. Ra7 Rxc2+ 39. Kxc2 a2 40. e5+ fxe5 41. fxe5+ Kxd5 42. c7 Rg1 43. c8Q a1Q 44. Rxa1 Rxa1 45. Kb2 Rh1 46. Qh3 Kxe5 47. Qxh7 Kf6 48. Kc2 g6 49. Kd2 Rf1 50. Ke2 Rf5 51. g4 Rf4 52. Qh4+ Kg7 53. Qg5 Re4+ 54. Kd3 Re1 55. h4 f6 56. Qc5 Rf1 57. Ke2 Ra1 58. Qe7+ Kh6 59. Qxf6 Ra2+ 60. Kf1 Ra8 61. g5+ Kh7 62. Qf7+ Kh8 63. h5 Ra1+ 64. Kg2 Re1 65. Qf8+ Kh7 66. Qh6+ Kg8 67. Qxg6+ Kh8 68. Qf6+ Kg8 69. h6 Re2+ 70. Kf3 Rf2+ 71. Kxf2 1-0

[Event "Chigorin Memorial 22nd"]
[Site "St Petersburg"]
[Date "2014.10.26"]
[Round "9"]
[White "Sapegin, Yaroslav"]
[Black "Zilbershtein, Victor"]
[Result "1-0"]
[WhiteElo "1587"]
[BlackElo "1814"]
[PlyCount "75"]
[EventDate "2014.10.18"]
[EventType "swiss"]
[EventRounds "9"]
[EventCountry "RUS"]
[SourceTitle "EXT 2015"]
[Source "ChessBase"]
[SourceDate "2014.11.20"]
[SourceVersion "1"]
[SourceVersionDate "2014.11.20"]
[SourceQuality "1"]

1. d4 Nf6 2. Bg5 Ne4 3. Bh4 d5 4. Nd2 Bf5 5. e3 Nxd2 6. Qxd2 Nc6 7. c3 a6 8. Bd3 Qd7 9. Nf3 f6 10. 0-0-0 Na5 11. Rhe1 Be4 12. Qc2 Bxd3 13. Qxd3 e6 14. e4 c6 15. exd5 Qxd5 16. Rxe6+ Kd7 17. Rde1 Nc4 18. R6e2 g5 19. Bg3 g4 20. Nh4 Bh6+ 21. Kb1 Bf8 22. Qf5+ Qxf5+ 23. Nxf5 h5 24. Kc2 c5 25. dxc5 Bxc5 26. Rd1+ Kc6 27. Re6+ Kb5 28. a4+ Ka5 29. b4+ Bxb4 30. cxb4+ Kxb4 31. Rd4 b5 32. axb5 axb5 33. Bd6+ Ka5 34. Kb3 Nxd6 35. Nxd6 Ra7 36. Rd5 Rc7 37. Rxb5+ Ka6 38. Re4 1-0

[Event "Chigorin Memorial 22nd"]
[Site "St Petersburg"]
[Date "2014.10.23"]
[Round "6"]
[White "Sapegin, Yaroslav"]
[Black "Morozov, Boris Nikolaevich"]
[Result "1/2-1/2"]
[WhiteElo "1587"]
[BlackElo "1805"]
[PlyCount "82"]
[EventDate "2014.10.18"]
[EventType "swiss"]
[EventRounds "9"]
[EventCountry "RUS"]
[SourceTitle "EXT 2015"]
[Source "ChessBase"]
[SourceDate "2014.11.20"]
[SourceVersion "1"]
[SourceVersionDate "2014.11.20"]
[SourceQuality "1"]

1. d4 e6 2. Nf3 f5 3. Bg5 Be7 4. Bxe7 Qxe7 5. c3 d6 6. Nbd2 Nf6 7. Qc2 d5 8. e3 0-0 9. 0-0-0 b6 10. Ne5 c5 11. h3 Qc7 12. g4 Nbd7 13. f4 Nxe5 14. dxe5 Ne4 15. Nxe4 fxe4 16. c4 d4 17. Bg2 d3 18. Qc3 Bb7 19. Rhf1 g6 20. g5 Kf7 21. h4 Ke7 22. h5 Qd7 23. Rh1 Rh8 24. Rh2 Raf8 25. Rdh1 Qd8 26. b4 a6 27. Qa3 Qc8 28. bxc5 Kf7 29. hxg6+ Kxg6 30. Rh6+ Kg7 31. c6 Qxc6 32. Qe7+ Rf7 33. Rxh7+ Rxh7 34. Rxh7+ Kxh7 35. Qxf7+ Kh8 36. Qf8+ Kh7 37. Bxe4+ Qxe4 38. Qf7+ Kh8 39. Qf8+ Kh7 40. Qf7+ Kh8 41. Qf8+ Kh7 1/2-1/2

[Event "Chigorin Memorial 22nd"]
[Site "St Petersburg"]
[Date "2014.10.20"]
[Round "3"]
[White "Shuvalov, Arvind"]
[Black "Sapegin, Yaroslav"]
[Result "1-0"]
[WhiteElo "1900"]
[BlackElo "1587"]
[PlyCount "43"]
[EventDate "2014.10.18"]
[EventType "swiss"]
[EventRounds "9"]
[EventCountry "RUS"]
[SourceTitle "EXT 2015"]
[Source "ChessBase"]
[SourceDate "2014.11.20"]
[SourceVersion "1"]
[SourceVersionDate "2014.11.20"]
[SourceQuality "1"]

1. e4 c5 2. Nf3 e6 3. d4 cxd4 4. Nxd4 a6 5. Nc3 Qc7 6. Be2 Bb4 7. Qd3 Nf6 8. 0-0 0-0 9. Kh1 Nc6 10. f4 d6 11. Bd2 Bd7 12. Rf3 Nxd4 13. Qxd4 Bc5 14. Qd3 b5 15. a3 Ng4 16. Be1 Qb6 17. Rh3 e5 18. Nd5 Qa7 19. f5 Nf2+ 20. Bxf2 Bxf2 21. Ne7+ Kh8 22. Rxh7+ 1-0